| 000 | 01183nam0a22002891 4500 | ||
|---|---|---|---|
| 001 | rc\4618326 | ||
| 005 | 20260406153758.0 | ||
| 021 |
_aRU _b[68-41350] |
||
| 035 | _a(NLR Aleph) 008673430 | ||
| 090 |
_a9134201 _c9134201 |
||
| 100 | _a20130416d1968 |||y0rusy50 ca | ||
| 101 | 0 | _arus | |
| 102 | _aRU | ||
| 105 | _ay z ||||| | ||
| 200 | 1 |
_aСборник научно-методических статей в помощь учителю _eГуманитарные науки _f[Отв. ред. Р.Р. Бегзи] _gКызыльский гос. пед. ин-т |
|
| 210 |
_aКызыл _cТувкнигоиздат _d1968 |
||
| 215 |
_a229 с. _d20 |
||
| 606 |
_aТувинский язык _jСборники _2psbo |
||
| 606 |
_aТувинская литература _jСборники _2psbo |
||
| 607 |
_aТувинская АССР _xИстория _jСборники _2psbo |
||
| 702 | 1 |
_aБегзи _bР.Р. _gРегина Рафаиловна _4340 |
|
| 712 | 0 | 2 |
_aКызыльский педагогический институт _3RU\NLR\AUTH\889929126 _9353773 |
| 801 | 0 |
_aRU _bNLR _gpsbo |
|
| 801 | 1 |
_aRU _bELAR _2rusmarc |
|
| 852 |
_aNLR _j68-3/3674 |
||
| 942 | _cBOOK | ||
| 980 | _aNB | ||